[Event "WA Open Premier"]
[Site "Redmond, WA"]
[Date "2010.05.30"]
[Round "3"]
[White "Qu, Frank"]
[Black "Brendemihl, Steven"]
[Result "1/2-1/2"]
[WhiteElo "1844"]
[BlackElo "1646"]
[PlyCount "21"]
[EventDate "2010.05.31"]
[EventCountry "USA"]
[SourceDate "2010.05.29"]

1. d4 d5 2. c4 c6 3. Nf3 Nf6 4. Nc3 dxc4 5. a4 Bf5 6. e3 e6 7. Bxc4 Bd6 8. O-O
Nbd7 9. Qe2 O-O 10. e4 Bg6 11. Bg5 {remaining moves indecipherable} 1/2-1/2

[Event "WA Open Premier"]
[Site "Redmond, WA"]
[Date "2010.05.30"]
[Round "3"]
[White "Severson, Kenneth"]
[Black "Ambler, Dennis"]
[Result "0-1"]
[WhiteElo "1813"]
[BlackElo "1762"]
[PlyCount "26"]
[EventDate "2010.05.31"]
[EventCountry "USA"]
[SourceDate "2010.05.29"]

1. d4 d5 2. c4 e6 3. Nf3 f5 4. g3 Nf6 5. Bg2 c6 6. cxd5 exd5 7. O-O Bd6 8. Nc3
O-O 9. a3 Ne4 10. Qc2 a5 11. Nxe4 fxe4 12. Ne5 Qf6 13. Be3 h6 {
remaining moves indecipherable} 0-1

[Event "WA Open Premier"]
[Site "Redmond, WA"]
[Date "2010.05.30"]
[Round "3"]
[White "Williams, Antonio"]
[Black "Rhoades, Alan"]
[Result "1-0"]
[WhiteElo "1365"]
[BlackElo "1709"]
[PlyCount "67"]
[EventDate "2010.05.31"]
[EventCountry "USA"]
[SourceDate "2010.05.29"]

1. e4 Nf6 2. Nc3 e5 3. Nf3 Nc6 4. Be2 Bc5 5. O-O O-O 6. Nxe5 Bxf2+ 7. Rxf2 Nxe5
8. d4 Ng6 9. Bg5 h6 10. Bxf6 gxf6 11. Nd5 d6 12. Qd2 Kg7 13. Raf1 c6 14. Nxf6
Qe7 15. Nh5+ Kh7 16. d5 cxd5 17. exd5 f5 18. Bd3 Qe5 19. Ng3 Ne7 20. Re1 Qf6
21. Ne4 Qg6 22. Ref1 Bd7 23. Ng3 Rf7 24. c4 Raf8 25. Be2 Rg7 26. Nh5 Rgf7 27.
Nf4 Qg5 28. Rf3 Rg7 29. Rg3 Qh4 30. Rxg7+ Kxg7 31. Nh5+ Kg6 32. Qc3 Rf7 33. Rf4
Qg5 34. h4 1-0

[Event "WA Open Premier"]
[Site "Redmond, WA"]
[Date "2010.05.30"]
[Round "4"]
[White "Ambler, Dennis"]
[Black "Arora, Mayhul"]
[Result "1/2-1/2"]
[WhiteElo "1762"]
[BlackElo "1550"]
[PlyCount "62"]
[EventDate "2010.05.31"]
[EventCountry "USA"]
[SourceDate "2010.05.29"]

1. d4 Nf6 2. Nf3 g6 3. g3 Bg7 4. Bg2 O-O 5. O-O d6 6. c4 Nbd7 7. Nc3 c5 8. d5
Rb8 9. Bf4 a6 10. e4 b5 11. e5 Nh5 12. Be3 Nxe5 13. Nxe5 Bxe5 14. cxb5 axb5 15.
f4 Bg7 16. a3 Bd7 17. Qe2 Qc7 18. f5 b4 19. axb4 Rxb4 20. fxg6 hxg6 21. Bg5 Re8
22. Bf3 Nf6 23. h4 Qb6 24. Ra2 Qb7 25. h5 Bb5 26. Nxb5 Qxb5 27. hxg6 fxg6 28.
Qe6+ Kh7 29. Qh3+ Kg8 30. Qe6+ Kh7 31. Qh3+ Kg8 1/2-1/2

[Event "WA Open Premier"]
[Site "Redmond, WA"]
[Date "2010.05.30"]
[Round "4"]
[White "Brendemihl, Steven"]
[Black "Severson, Kenneth"]
[Result "0-1"]
[WhiteElo "1646"]
[BlackElo "1813"]
[PlyCount "102"]
[EventDate "2010.05.31"]
[EventCountry "USA"]
[SourceDate "2010.05.29"]

1. e4 e5 2. Bc4 Nf6 3. d3 Bc5 4. Nc3 c6 5. Nf3 O-O 6. Bg5 d6 7. h3 b5 8. Bb3
Nbd7 9. O-O Qc7 10. Qd2 a5 11. a3 Kh8 12. Be3 Ba7 13. Bxa7 Rxa7 14. Nh4 Nc5 15.
Ba2 Ne6 16. Ne2 Nh5 17. Bxe6 fxe6 18. f4 Qb6+ 19. Kh2 Raf7 20. g4 Nxf4 21. Nxf4
Rxf4 22. Rxf4 Rxf4 23. Kg2 Qd8 24. Nf3 c5 25. c3 Qf6 26. Rf1 Bb7 27. Nh2 Rxf1
28. Nxf1 Kg8 29. b3 c4 30. bxc4 bxc4 31. Ng3 cxd3 32. Qxd3 Qd8 33. Qb5 Ba8 34.
c4 Kf7 35. Qb2 Qc7 36. Qe2 Ke7 37. Qd3 Bb7 38. Nf1 d5 39. cxd5 exd5 40. exd5 g6
41. Ne3 Qc5 42. Qe4 Kd6 43. Kg3 Bxd5 44. Qd3 e4 45. Qe2 Qxa3 46. Kf4 Qd3 47.
Qb2 g5+ 48. Kf5 Qxe3 49. Qe5+ Kc5 50. Qc7+ Kb4 51. Qb8+ Kc4 0-1

[Event "WA Open Premier"]
[Site "Redmond, WA"]
[Date "2010.05.30"]
[Round "4"]
[White "Lamb, Anthony"]
[Black "Kolde, Sterling"]
[Result "1/2-1/2"]
[WhiteElo "1700"]
[BlackElo "1852"]
[PlyCount "40"]
[EventDate "2010.05.31"]
[EventCountry "USA"]
[SourceDate "2010.05.29"]

1. e4 e5 2. Nf3 Nc6 3. Bb5 a6 4. Bxc6 dxc6 5. O-O Qf6 6. d3 Ne7 7. Nbd2 Ng6 8.
Re1 Bg4 9. h3 h5 10. Nf1 Bxf3 11. Qxf3 Qxf3 12. gxf3 Nh4 13. Nh2 Bd6 14. Kf1 f6
15. Ke2 O-O-O 16. Rg1 Rhg8 17. Nf1 Rd7 18. Ne3 g6 19. Ng2 Nxg2 20. Rxg2 g5
1/2-1/2

[Event "WA Open Premier"]
[Site "Redmond, WA"]
[Date "2010.05.30"]
[Round "4"]
[White "McCleve, Joseph"]
[Black "Fagundes, Frank"]
[Result "0-1"]
[WhiteElo "1846"]
[BlackElo "1765"]
[PlyCount "116"]
[EventDate "2010.05.31"]
[EventCountry "USA"]
[SourceDate "2010.05.29"]

1. e4 c5 2. Nf3 d6 3. d4 cxd4 4. Qxd4 Nc6 5. Bb5 Bd7 6. Bxc6 Bxc6 7. Nc3 Nf6 8.
Bg5 e6 9. O-O-O h6 10. Bh4 g5 11. Bg3 Be7 12. Rhe1 e5 13. Qc4 Qb6 14. Kb1 O-O
15. Nd2 Rfc8 16. Qd3 Qc7 17. Nf1 b5 18. Ne3 b4 19. Ncd5 Nxd5 20. Nxd5 Bxd5 21.
exd5 a5 22. Rc1 Qb7 23. f3 a4 24. Re4 Ra5 25. Qd2 Rb5 26. Rd1 Rcc5 27. Be1 Rxd5
28. Qe2 Rxd1+ 29. Qxd1 a3 30. Qd2 Rd5 31. Qe2 Rb5 32. Qd2 d5 33. Rxe5 Bf6 34.
Re8+ Kg7 35. b3 Qc6 36. Re2 Bc3 37. Qd3 Bxe1 38. Rxe1 Qf6 39. c3 Qxc3 40. Qxc3+
bxc3 41. Kc2 {?} (41. Rd1 {=}) 41... d4 42. Re4 Rd5 43. Kd3 f5 44. Re2 {?} (44.
Re6 h5 45. g3 Kf7 46. Rc6 Ke8 47. b4 Kd7 48. Rc4) 44... Kf6 45. Rf2 Ke6 46. Rc2
Kd6 47. Rf2 Rc5 48. Rc2 Kd5 49. Rf2 Rc6 50. Re2 Re6 51. Rxe6 (51. Rc2 Re3#) (
51. Rf2 Re3+ 52. Kc2 Re1 53. Kd3 Rb1) 51... Kxe6 52. Kc2 Ke5 53. g3 g4 54. fxg4
fxg4 55. Kd3 Kd5 56. Kc2 Ke4 57. b4 h5 58. b5 Kd5 0-1

[Event "WA Open Premier"]
[Site "Redmond, WA"]
[Date "2010.05.30"]
[Round "4"]
[White "Saidy, Jawid"]
[Black "Williams, Antonio"]
[Result "1-0"]
[WhiteElo "1786"]
[BlackElo "1365"]
[PlyCount "73"]
[EventDate "2010.05.31"]
[EventCountry "USA"]
[SourceDate "2010.05.29"]

1. d4 Nf6 2. c4 c5 3. d5 e6 4. Nc3 exd5 5. cxd5 d6 6. e4 g6 7. f4 Bg7 8. Bb5+
Nbd7 9. e5 Qe7 10. Qe2 dxe5 11. fxe5 Ng8 12. e6 Bxc3+ 13. bxc3 fxe6 14. dxe6 a6
15. exd7+ Bxd7 16. Bxd7+ Kxd7 17. Qxe7+ Nxe7 18. Nf3 Nd5 19. O-O Nxc3 20. Bb2
Ne2+ 21. Kf2 Nd4 22. Nxd4 cxd4 23. Bxd4 Rhf8+ 24. Ke3 Rae8+ 25. Kd3 Rxf1 26.
Rxf1 Ke6 27. Re1+ Kf7 28. Rxe8 Kxe8 29. Bb6 Kd7 30. a4 Ke6 31. Ke4 h5 32. h4
Kd6 33. Kf4 Ke6 34. Kg5 Kf7 35. a5 Kg7 36. Bd4+ Kf7 37. Bc3 1-0

[Event "WA Open Premier"]
[Site "Redmond, WA"]
[Date "2010.05.31"]
[Round "5"]
[White "Ackerman, Ryan"]
[Black "Brendemihl, Steven"]
[Result "1-0"]
[WhiteElo "1781"]
[BlackElo "1646"]
[PlyCount "51"]
[EventDate "2010.05.31"]
[EventCountry "USA"]
[SourceDate "2010.05.29"]

1. d4 d5 2. c4 c6 3. Nf3 Nf6 4. Nc3 dxc4 5. a4 Bf5 6. Ne5 Nbd7 7. Nxc4 e6 8. f3
Bb4 9. e4 Bg6 10. Be2 O-O 11. O-O Nb6 12. Be3 Nxc4 13. Bxc4 a5 14. Qe2 Re8 15.
Rad1 Qb6 16. Qf2 Qc7 17. Ne2 h6 18. Nf4 Nh5 19. Nxg6 fxg6 20. e5 g5 21. g3 g6
22. f4 gxf4 23. Bxf4 Kg7 24. Bc1 Rf8 25. Qe3 g5 26. Qe2 1-0

[Event "WA Open Premier"]
[Site "Redmond, WA"]
[Date "2010.05.31"]
[Round "5"]
[White "Buck, Stephen J"]
[Black "Arora, Mayhul"]
[Result "0-1"]
[WhiteElo "1790"]
[BlackElo "1550"]
[PlyCount "68"]
[EventDate "2010.05.31"]
[EventCountry "USA"]
[SourceDate "2010.05.29"]

1. c4 Nf6 2. Nc3 g6 3. g3 Bg7 4. Bg2 O-O 5. Nf3 d6 6. O-O Nc6 7. Rb1 e5 8. d3
Ne8 9. b4 f5 10. Nd5 h6 11. b5 Ne7 12. Nxe7+ Qxe7 13. Ne1 f4 14. Nc2 g5 15. Nb4
h5 16. e3 Bg4 17. f3 Be6 18. Nd5 Bxd5 19. cxd5 Qf7 20. e4 Qg6 21. Bb2 Nf6 22.
Qc2 Rf7 23. d4 Nxd5 24. Qb3 Ne3 25. Rfc1 Kh8 26. dxe5 dxe5 27. Rc5 Re8 28. Rbc1
Rd7 29. Rxc7 Rxc7 30. Rxc7 Qb6 31. Rc1 Ng4+ 32. Kh1 Nf2+ 33. Kg1 Nh3+ 34. Kh1
Qg1+ 0-1

[Event "WA Open Premier"]
[Site "Redmond, WA"]
[Date "2010.05.31"]
[Round "5"]
[White "Dietsch, Kris"]
[Black "Williams, Antonio"]
[Result "1-0"]
[WhiteElo "1875"]
[BlackElo "1365"]
[PlyCount "71"]
[EventDate "2010.05.31"]
[EventCountry "USA"]
[SourceDate "2010.05.29"]

1. e4 c5 2. d3 Nc6 3. f4 d6 4. g3 Nf6 5. Bg2 Bd7 6. Nf3 g6 7. c3 Bg7 8. Na3 a6
9. Nc2 O-O 10. Ne3 Qc8 11. O-O Bh3 12. f5 Bxg2 13. Kxg2 e6 14. g4 exf5 15. exf5
Ne5 16. Nxe5 dxe5 17. Qf3 Qc6 18. g5 Qxf3+ 19. Kxf3 Nd7 20. f6 Bh8 21. Nd5 h5
22. Be3 e4+ 23. dxe4 Ne5+ 24. Kg3 b6 25. Nxb6 Rad8 26. Nd5 c4 27. b3 Rfe8 28.
Ne7+ Kh7 29. Bd4 Rd7 30. h3 Nd3 31. Rab1 Rdxe7 32. fxe7 Bxd4 33. cxd4 Rxe7 34.
bxc4 h4+ 35. Kf3 Kg7 36. Ke3 1-0

[Event "WA Open Premier"]
[Site "Redmond, WA"]
[Date "2010.05.31"]
[Round "5"]
[White "Fagundes, Frank"]
[Black "Dawson, Drew"]
[Result "0-1"]
[WhiteElo "1765"]
[BlackElo "1471"]
[PlyCount "104"]
[EventDate "2010.05.31"]
[EventCountry "USA"]
[SourceDate "2010.05.29"]

1. d4 Nf6 2. c4 c5 3. d5 b5 4. cxb5 a6 5. e3 axb5 6. Bxb5 Qa5+ 7. Nc3 g6 8. Bd2
Bg7 9. Nge2 O-O 10. O-O Bb7 11. Bc4 Qb4 12. b3 Qb6 13. Rc1 d6 14. e4 Nbd7 15.
f4 Ba6 16. Na4 Qb7 17. Ng3 Bxc4 18. Rxc4 Nb6 19. Nxb6 Qxb6 20. Qc2 Nd7 21. Bc3
Bxc3 22. Rxc3 c4+ 23. Kh1 cxb3 24. axb3 Nc5 25. Rb1 Rfb8 26. b4 Qb5 27. h3 Ra4
28. Rc4 Na6 29. Rc8+ Rxc8 30. Qxc8+ Kg7 31. Qc6 Qd3 32. Qxa4 Qxb1+ 33. Kh2 Nxb4
34. Qe8 Qc1 35. f5 Qg5 36. Qb5 Qd2 37. Qb7 Nd3 38. Qxe7 Nf4 39. f6+ Kh6 40.
Nf5+ gxf5 41. Qf8+ Kg5 42. Qg7+ Ng6 43. exf5 Qf4+ 44. Kh1 Qxf5 45. Qxf7 h5 46.
Kg1 Qxf6 47. Qg8 Kh4 48. Qa8 Nf4 49. Qa2 Qg5 50. Qf2+ Qg3 51. Kf1 Qxf2+ 52.
Kxf2 Nxd5 0-1

[Event "WA Open Premier"]
[Site "Redmond, WA"]
[Date "2010.05.31"]
[Round "5"]
[White "Hosford, Michael"]
[Black "Ambler, Dennis"]
[Result "1-0"]
[WhiteElo "1876"]
[BlackElo "1762"]
[PlyCount "37"]
[EventDate "2010.05.31"]
[EventCountry "USA"]
[SourceDate "2010.05.29"]

1. e4 d5 2. exd5 Nf6 3. Nf3 Nxd5 4. Bc4 Nb6 5. Bb3 e6 6. O-O Bd6 7. Re1 O-O 8.
d4 a5 9. c3 Nc6 10. Bc2 Nd5 11. Qd3 g6 12. Ne5 Nxe5 13. dxe5 Be7 14. Bh6 Re8
15. Nd2 Bg5 16. Bxg5 Qxg5 17. Nf3 Qf5 18. Qd2 Qg4 19. Re4 1-0

[Event "WA Open Premier"]
[Site "Redmond, WA"]
[Date "2010.05.31"]
[Round "5"]
[White "Hua, Daniel"]
[Black "Saidy, Jawid"]
[Result "1-0"]
[WhiteElo "1617"]
[BlackElo "1786"]
[PlyCount "41"]
[EventDate "2010.05.31"]
[EventCountry "USA"]
[SourceDate "2010.05.29"]

1. e4 e5 2. Nf3 Nc6 3. Bc4 Bc5 4. c3 Nf6 5. d4 exd4 6. e5 d5 7. exf6 dxc4 8.
fxg7 Qe7+ 9. Kf1 Rg8 10. cxd4 Bd6 11. Bh6 Bg4 12. h3 Bxf3 13. Qxf3 Nxd4 14. Qd1
Qe4 (14... O-O-O {! [Rybka]  if} 15. Qxd4 Bf4 {!}) 15. Nc3 Qe5 $2 (15... Qh4)
16. Qg4 Ne6 17. Re1 Qf6 18. Bg5 Qxg7 19. Rxe6+ fxe6 20. Qxe6+ Kf8 $2 (20... Be7
21. Bxe7 Qf7 (21... Qxg2+ 22. Ke2 Rg6 23. Bf6+) 22. Qxf7+ Kxf7 23. Bh4) 21. Bh6
1-0

[Event "WA Open Premier"]
[Site "Redmond, WA"]
[Date "2010.05.31"]
[Round "5"]
[White "Mathews, Dan"]
[Black "Leslie, Cameron"]
[Result "0-1"]
[WhiteElo "1726"]
[BlackElo "1810"]
[PlyCount "29"]
[EventDate "2010.05.31"]
[EventCountry "USA"]
[SourceDate "2010.05.29"]

1. e4 Nf6 2. e5 Nd5 3. c4 Nb4 4. d4 d5 5. exd6 cxd6 6. Nc3 g6 7. Nf3 Bg7 8. Be3
O-O 9. h3 e5 10. Be2 exd4 11. Bxd4 Bxd4 12. Nxd4 a6 13. O-O N8c6 14. Qd2 Nxd4
15. Qxd4 {remaining moves unclear} 0-1

[Event "WA Open Premier"]
[Site "Redmond, WA"]
[Date "2010.05.31"]
[Round "5"]
[White "Mathews, Dan"]
[Black "Leslie, Cameron"]
[Result "0-1"]
[WhiteElo "1726"]
[BlackElo "1810"]
[PlyCount "29"]
[EventDate "2010.05.31"]
[EventCountry "USA"]
[SourceDate "2010.05.29"]

1. e4 Nf6 2. e5 Nd5 3. c4 Nb6 4. d4 d5 5. exd6 cxd6 6. Nc3 g6 7. Nf3 Bg7 8. Be3
O-O 9. h3 e5 10. Be2 exd4 11. Bxd4 Bxd4 12. Nxd4 a6 13. O-O Nc6 14. Qd2 Nxd4
15. Qxd4 {Remaining moves unclear. Black won on move 21.} 0-1

[Event "WA Open Premier"]
[Site "Redmond, WA"]
[Date "2010.05.31"]
[Round "5"]
[White "Mathews, Dan"]
[Black "Qu, Frank"]
[Result "0-1"]
[WhiteElo "1726"]
[BlackElo "1844"]
[PlyCount "120"]
[EventDate "2010.05.31"]
[EventCountry "USA"]
[SourceDate "2010.05.29"]

1. d3 c5 2. e4 Nc6 3. Nc3 g6 4. Be3 d6 5. g3 Bg7 6. Nge2 Bg4 7. Bg2 Bxe2 8.
Qxe2 Nf6 9. O-O O-O 10. h3 Nd7 11. f4 Nd4 12. Qf2 Rb8 13. Rab1 b5 14. Ne2 Nxe2+
15. Qxe2 b4 16. Bd2 Qb6 17. Kh2 Qa6 18. Be3 Qxa2 19. Ra1 Qxb2 20. Rxa7 Rfd8 21.
e5 dxe5 22. Bc6 exf4 23. gxf4 Nf6 24. Rxe7 Nd5 25. Bxd5 Rxd5 26. Bf2 b3 27.
cxb3 Qxe2 28. Rxe2 Rxb3 29. Re8+ Bf8 30. Rc1 Kg7 31. Re3 Bd6 32. Rc4 g5 33. Kg2
Bxf4 34. Rf3 Rdxd3 35. Rxd3 Rxd3 36. Rxc5 Kg6 37. h4 h6 38. hxg5 hxg5 39. Be1
f6 40. Bc3 Rg3+ 41. Kf1 Bd6 42. Rc6 Be7 43. Kf2 Rd3 44. Ke2 Rd6 45. Rc8 f5 46.
Rg8+ Kh5 47. Rg7 Bf6 48. Bxf6 Rxf6 49. Kf3 Ra6 50. Rh7+ Kg6 51. Rh1 Ra3+ 52.
Ke2 g4 53. Rb1 Kg5 54. Kf2 Rf3+ 55. Kg2 Re3 56. Rf1 f4 57. Rc1 Re2+ 58. Kh1 Kh4
59. Kg1 Kg3 60. Ra1 f3 0-1

[Event "WA Open Premier"]
[Site "Redmond, WA"]
[Date "2010.05.31"]
[Round "5"]
[White "Severson, Kenneth"]
[Black "Yu, Justin"]
[Result "1/2-1/2"]
[WhiteElo "1813"]
[BlackElo "1611"]
[PlyCount "125"]
[EventDate "2010.05.31"]
[EventCountry "USA"]
[SourceDate "2010.05.29"]

1. e4 e5 2. Nf3 Nc6 3. Bb5 a6 4. Ba4 Nf6 5. O-O Be7 6. Re1 b5 7. Bb3 O-O 8. c3
d5 9. exd5 Nxd5 10. d4 exd4 11. Nxd4 Nxd4 12. Qxd4 Bb7 13. Nd2 c5 14. Qg4 f5
15. Qf3 c4 16. Bc2 Qd7 17. Nf1 Rf6 18. Ng3 Raf8 19. Bg5 Rg6 20. Bxe7 Nxe7 21.
Rad1 Qc7 22. Qh5 Qc6 23. f3 Qb6+ 24. Kh1 Qf6 25. Rd7 Rh6 26. Rexe7 Rxh5 27.
Nxh5 Qh6 28. Rxg7+ Kh8 29. Nf4 Bc8 30. Ra7 Qxg7 31. Rxg7 Kxg7 32. Kg1 Rd8 33.
Ne2 Kf6 34. Nd4 Be6 35. Kf2 Rb8 36. a3 Rb6 37. Ke3 Ke5 38. f4+ Kf6 39. g3 a5
40. h4 b4 41. axb4 axb4 42. Nf3 b3 43. Bb1 Ra6 44. Nd2 Rd6 45. g4 Rc6 46. g5+
Kg6 47. Nf3 Ra6 48. Kd4 Ra1 49. Nd2 Kh5 50. Ke5 Bf7 51. Bxf5 Ra2 52. Be6 Bxe6
53. Kxe6 Rxb2 54. Nxc4 Re2+ 55. Kf6 b2 56. Nxb2 Rxb2 57. f5 Rf2 58. c4 Rc2 59.
Kg7 Rxc4 60. f6 Rxh4 61. Kxh7 Rf4 62. Kg7 Kxg5 63. f7 1/2-1/2

[Event "WA Open Premier"]
[Site "Redmond, WA"]
[Date "2010.05.31"]
[Round "5"]
[White "Shear, Tom"]
[Black "Landingin, Jofrel"]
[Result "0-1"]
[WhiteElo "1732"]
[BlackElo "1796"]
[PlyCount "36"]
[EventDate "2010.05.31"]
[EventCountry "USA"]
[SourceDate "2010.05.29"]

1. e4 c5 2. d4 cxd4 3. Nf3 Nc6 4. c3 Qa5 5. Bc4 dxc3 6. Nxc3 e6 7. O-O a6 8. a4
Bb4 9. Bd2 Nf6 10. Re1 Qh5 11. h3 O-O 12. e5 Ne8 13. Re4 Be7 14. Kh2 d5 15. g4
Qg6 16. Bd3 dxe4 17. Bxe4 f5 18. exf6 Qxf6 0-1

[Event "WA Open Premier"]
[Site "Redmond, WA"]
[Date "2010.05.31"]
[Round "6"]
[White "Brendemihl, Steven"]
[Black "Dietsch, Kris"]
[Result "1/2-1/2"]
[WhiteElo "1646"]
[BlackElo "1875"]
[PlyCount "54"]
[EventDate "2010.05.31"]
[EventCountry "USA"]
[SourceDate "2010.05.29"]

1. e4 e5 2. Bc4 Nf6 3. d3 h6 4. Nc3 c6 5. Nf3 d6 6. d4 Qc7 7. O-O Be7 8. h3 O-O
9. Bb3 Rd8 10. d5 a6 11. a4 a5 12. Be3 Nbd7 13. Nd2 g5 14. Kh2 Nf8 15. Rh1 Ng6
16. g3 Kh7 17. f3 Nd7 18. Kg2 Nc5 19. Qg1 Rh8 20. Bc4 Bd7 21. Bxc5 dxc5 22. Nb3
b6 23. Rd1 Rad8 24. dxc6 Bxc6 25. Nb5 Qb7 26. Qe3 Rd7 27. Rd3 Rhd8 1/2-1/2

[Event "WA Open Premier"]
[Site "Redmond, WA"]
[Date "2010.05.31"]
[Round "6"]
[White "Gay, Patrick"]
[Black "Saidy, Jawid"]
[Result "1-0"]
[WhiteElo "1715"]
[BlackElo "1786"]
[PlyCount "83"]
[EventDate "2010.05.31"]
[EventCountry "USA"]
[SourceDate "2010.05.29"]

1. e4 e5 2. Nf3 Nc6 3. Bc4 Bc5 4. d3 h6 5. c3 Nf6 6. b4 Bb6 7. b5 Ng4 8. O-O
Na5 9. h3 h5 10. hxg4 hxg4 11. Bxf7+ Kxf7 12. Ng5+ Kg8 13. Qxg4 d6 14. Qg3 Qe8
15. Be3 Qh5 16. Nh3 Bxe3 17. Qxe3 Rh6 18. Nd2 Rg6 19. Kh2 Bg4 20. f4 exf4 21.
Rxf4 Qxb5 22. Nf3 Qh5 23. Nd4 Rc8 24. Raf1 Qe5 25. Kh1 Nc6 26. Nxc6 bxc6 27. d4
Qh5 28. Rb1 Rh6 29. Kh2 g5 30. Rff1 Be6 31. Rf2 Bc4 32. Rf5 Rg6 33. Rxg5 Rxg5
34. Qxg5+ Qxg5 35. Nxg5 Bd3 36. Re1 Bc2 37. Kh3 Rb8 38. e5 dxe5 39. dxe5 Rb2
40. e6 Kf8 41. e7+ Ke8 42. Ne4 {remaining moves unclear; white won on move 47.}
1-0

[Event "WA Open Premier"]
[Site "Redmond, WA"]
[Date "2010.05.31"]
[Round "6"]
[White "Lamb, Anthony"]
[Black "Xing, Casey"]
[Result "1/2-1/2"]
[WhiteElo "1700"]
[BlackElo "1784"]
[PlyCount "47"]
[EventDate "2010.05.31"]
[EventCountry "USA"]
[SourceDate "2010.05.29"]

1. e4 e6 2. d4 d5 3. exd5 exd5 4. Nf3 Bd6 5. Bd3 Nf6 6. O-O O-O 7. c3 Re8 8.
Bg5 h6 9. Bh4 c6 10. Nbd2 Bg4 11. Qc2 Nbd7 12. Rfe1 Qc7 13. Bxf6 Nxf6 14. h3
Bd7 15. Bf5 Bxf5 16. Qxf5 Qd7 17. Qxd7 Nxd7 18. Rxe8+ Rxe8 19. Re1 Rxe1+ 20.
Nxe1 Nb6 21. Nd3 Nd7 22. Kf1 Kf8 23. Ke2 Ke7 24. Nf3 1/2-1/2

[Event "WA Open Premier"]
[Site "Redmond, WA"]
[Date "2010.??.31"]
[Round "6"]
[White "Landingin, Jofrel"]
[Black "Buck, Stephen J"]
[Result "1-0"]
[WhiteElo "1796"]
[BlackElo "1790"]
[Annotator "Buck"]
[PlyCount "23"]
[EventDate "2010.05.31"]
[EventCountry "USA"]
[SourceDate "2010.05.29"]

1. d4 d5 2. c4 c6 3. Nc3 Nf6 4. Nf3 e6 5. Bg5 Nbd7 6. e3 Qa5 7. Qd2 {?} Bb4 8.
Bd3 Ne4 (8... dxc4 {!} 9. Bxf6 Nxf6 10. Bc2 (10. Bxc4 Ne4) 10... Nd5 {-+}) 9.
Bxe4 dxe4 10. Ne5 Nxe5 11. dxe5 Qxe5 {??} 12. Qd8# 1-0

[Event "WA Open Premier"]
[Site "Redmond, WA"]
[Date "2010.05.31"]
[Round "6"]
[White "Mathews, Dan"]
[Black "Zarate, Christian"]
[Result "1/2-1/2"]
[WhiteElo "1726"]
[BlackElo "1874"]
[PlyCount "48"]
[EventDate "2010.05.31"]
[EventCountry "USA"]
[SourceDate "2010.05.29"]

1. e4 c5 2. Nf3 d6 3. d4 cxd4 4. Nxd4 Nf6 5. Nc3 a6 6. Bg5 Qb6 7. Bxf6 gxf6 8.
Nb3 h5 9. Nd5 Qd8 10. Qd4 Nc6 11. Qb6 Qxb6 12. Nxb6 Rb8 13. O-O-O Rg8 14. f3
Be6 15. Nd5 Bh6+ 16. Kb1 Kd7 17. c4 b5 18. c5 Bxd5 19. exd5 Ne5 20. c6+ Kc7 21.
Nd4 Rbe8 ({or} 21... Rbc8) ({or} 21... Ra8) 22. a4 bxa4 23. g3 Be3 24. Be2 e6 {
remaining moves indecipherable} 1/2-1/2

[Event "WA Open Premier"]
[Site "Redmond, WA"]
[Date "2010.05.31"]
[Round "6"]
[White "Shear, Tom"]
[Black "Monkhouse, Neale"]
[Result "0-1"]
[WhiteElo "1732"]
[BlackElo "1745"]
[PlyCount "97"]
[EventDate "2010.05.31"]
[EventCountry "USA"]
[SourceDate "2010.05.29"]

1. e4 c5 2. d4 cxd4 3. c3 dxc3 4. Nxc3 g6 5. Nf3 Bg7 6. Bc4 a6 7. O-O Nc6 8.
Qe2 e6 9. Bf4 Nge7 10. Rfd1 b5 11. Bb3 Na5 12. Rac1 Nec6 13. Bd6 (13. Nd5 {+/=}
) 13... Bh6 14. Rc2 (14. Nd5 Ra7 15. Rc2) 14... Nb7 15. Bg3 Nb4 16. Rcd2 (16.
Nd5 exd5 17. exd5+ Kf8 18. Bc7 Qe7 19. Qxe7+ Kxe7 20. Re2+ Kf8 21. a3) 16...
Nc6 17. Ne5 (17. Nd5 exd5 18. exd5+ Ne7 19. d6) 17... Nxe5 18. Bxe5 f6 19. Bg3
Bxd2 20. Qxd2 Kf7 21. f4 Kg7 22. Bh4 Qb6+ 23. Bf2 Qc6 24. e5 f5 25. Bh4 Rf8 26.
Rc1 Qb6+ 27. Bf2 Qd8 28. a4 b4 29. Ne2 Qe7 30. Rc4 a5 31. Nd4 d5 32. Rc1 Rf7
33. Nb5 Qd8 34. Bd4 Kg8 35. Qe3 Bd7 36. Nc7 Rc8 37. Bb6 Qf8 38. Nxd5 Rxc1+ 39.
Qxc1 Qc8 40. Nc7 Re7 41. Qc4 Kf7 42. h4 h6 43. Qa6 Bc6 44. Nxe6 Rxe6 45. Bxe6+
Qxe6 46. Bxa5 Qd5 47. e6+ Kf6 48. Qe2 Nxa5 49. e7 0-1

[Event "WA Open Reserve"]
[Site "Redmond, WA"]
[Date "2010.05.29"]
[Round "1"]
[White "Baker, Ted"]
[Black "May, Sarah"]
[Result "1/2-1/2"]
[WhiteElo "1418"]
[BlackElo "1631"]
[PlyCount "78"]
[EventDate "2010.05.31"]
[EventCountry "USA"]
[SourceDate "2010.05.29"]

1. d4 d5 2. c4 c6 3. Nf3 Nf6 4. Bg5 e6 5. e3 h6 6. Bh4 Nbd7 7. Bd3 Be7 8. O-O
O-O 9. Nc3 a6 10. cxd5 exd5 11. Rc1 Re8 12. Bb1 Nf8 13. h3 Nh5 14. Bxe7 Rxe7
15. Ne5 Nf6 16. Na4 Ne6 17. b3 Bd7 18. Nc5 Nxc5 19. Rxc5 Rc8 20. Qf3 Be6 21.
Rfc1 Nd7 22. Nxd7 Qxd7 23. Qe2 Bf5 24. Bxf5 Qxf5 25. Qc2 Qe6 26. Qd2 Qd6 27. b4
b6 28. R5c2 Rec7 29. a3 c5 30. bxc5 bxc5 31. Rxc5 Rxc5 32. Rxc5 Rxc5 33. dxc5
Qxc5 34. Qd3 a5 35. Qb3 Qc1+ 36. Kh2 Qc7+ 37. Kg1 Qd8 38. Kf1 g6 39. Ke2 Qf6
1/2-1/2

[Event "WA Open Reserve"]
[Site "Redmond, WA"]
[Date "2010.05.30"]
[Round "1"]
[White "Bashkansky, Ethan"]
[Black "Hendricks, David"]
[Result "1-0"]
[WhiteElo "1664"]
[BlackElo "1547"]
[PlyCount "63"]
[EventDate "2010.05.31"]
[EventCountry "USA"]
[SourceDate "2010.05.29"]

1. d4 Nf6 2. c4 g6 3. Nc3 Bg7 4. Nf3 O-O 5. e4 d6 6. Be2 e5 7. d5 a5 8. O-O
Nbd7 9. Bd3 Nc5 10. Be3 Ne8 11. Bxc5 dxc5 12. Nd2 f5 13. f4 Nd6 14. fxe5 Bxe5
15. exf5 Bxf5 16. Bxf5 Nxf5 17. Nf3 Ne3 18. Qe2 Nxf1 19. Nxe5 Nxh2 20. Kxh2
Qh4+ 21. Kg1 Qd4+ 22. Kh1 Rae8 23. Nf3 Qxc3 24. Qxe8 Rxe8 25. bxc3 Re2 26. Rb1
Rxa2 27. Rxb7 a4 28. Rxc7 a3 29. d6 Ra1+ 30. Kh2 a2 31. d7 Rd1 32. Nd4 1-0

[Event "WA Open Reserve"]
[Site "Redmond, WA"]
[Date "2010.05.29"]
[Round "1"]
[White "Buchignani, Paul"]
[Black "Chi, Quentin"]
[Result "1-0"]
[WhiteElo "1444"]
[BlackElo "1635"]
[PlyCount "103"]
[EventDate "2010.05.31"]
[EventCountry "USA"]
[SourceDate "2010.05.29"]

1. e4 c5 2. Nc3 e6 3. f4 Nc6 4. Nf3 Nge7 5. Bb5 a6 6. Bxc6 Nxc6 7. O-O Be7 8.
b3 d6 9. Bb2 Bf6 10. Rb1 b6 11. a3 Bb7 12. d3 Nd4 13. Ne2 Nxf3+ 14. Rxf3 d5 15.
Bxf6 gxf6 16. Ng3 dxe4 17. dxe4 f5 18. Rd3 Qh4 19. Qd2 fxe4 20. Rd6 Rd8 21. Rd1
Rb8 22. Rxb6 O-O 23. Qe3 Qe7 24. Nxe4 Bxe4 25. Rxb8 Rxb8 26. Qxe4 Rd8 27. Rxd8+
Qxd8 28. h3 Qd1+ 29. Kh2 Qd2 30. h4 Qf2 31. Kh3 Qd2 32. h5 Qd1 33. Kh4 Qh1+ 34.
Kg5 Qh2 35. Kh6 Kf8 36. g4 Qh4 37. g5 Qh3 38. Qa8+ Ke7 39. Qb7+ Kd6 40. Qxa6+
Kd5 41. Qd3+ Qxd3 42. cxd3 Kd4 43. a4 Kxd3 44. a5 Kc3 45. a6 Kxb3 46. a7 c4 47.
a8=Q c3 48. Qb7+ Kc2 49. Qxf7 Kb1 50. Qxe6 c2 51. Qe1+ c1=Q 52. Qxc1+ 1-0